Online
Catalog

Brasil/Europa & Musicología / (Record no. 42184)

MARC details
000 -CABECERA
campo de control de longitud fija 00705nam a2200193 a 4500
001 - NÚMERO DE CONTROL
campo de control 000042695
005 - FECHA Y HORA DE LA ÚLTIMA TRANSACCIÓN
campo de control 20201002040331.0
008 - DATOS DE LONGITUD FIJA--INFORMACIÓN GENERAL
campo de control de longitud fija 140205s1999 gw 000 0 spa d
020 ## - NÚMERO INTERNACIONAL ESTÁNDAR DEL LIBRO
Número Internacional Estándar del Libro 3934520006
040 ## - FUENTE DE LA CATALOGACIÓN
Centro catalogador/agencia de origen DO-SdBNP
Lengua de catalogación spa
Centro/agencia transcriptor BNPH
082 ## - NÚMERO DE LA CLASIFICACIÓN DECIMAL DEWEY
Número de clasificación xxxx
Número de documento/Ítem xxxx
100 1# - ENTRADA PRINCIPAL--NOMBRE DE PERSONA
Nombre de persona Bispo, Antonio Alexandre,
Fechas asociadas al nombre 1949-
9 (RLIN) 70003
245 10 - MENCIÓN DE TÍTULO
Título Brasil/Europa & Musicología /
Mención de responsabilidad, etc. A. A. Bispo ; Coordenados sob a dir. de Harald Hülskath. [Akademie Brasil-Europa für Kultur- und Wissenschaftswissenschaft].
260 ## - PUBLICACIÓN, DISTRIBUCIÓN, ETC.
Lugar de publicación, distribución, etc. Köln, Germany :
Nombre del editor, distribuidor, etc. A. B. E.,
Fecha de publicación, distribución, etc. 1999.
300 ## - DESCRIPCIÓN FÍSICA
Extensión 491 p. :
Otras características físicas il. ;
Dimensiones 21 cm.
490 1# - MENCIÓN DE SERIE
Mención de serie Anais de ciência musical
500 ## - NOTA GENERAL
Nota general Bibliografía : p. 476-491
830 #0 - PUNTO DE ACCESO ADICIONAL DE SERIE-TÍTULO UNIFORME
Título uniforme Anais de ciência musical
9 (RLIN) 70004
Holdings
Estado de retiro Estado de pérdida Restricciones de uso No para préstamo Código de colección Localización permanente Ubicación/localización actual Ubicación en estantería Fecha de adquisición Número de inventario Total de préstamos Signatura topográfica completa Código de barras Fecha visto por última vez Precio válido a partir de Tipo de ítem Koha
      Excluido de préstamo Monografías: Libros y Folletos General General En catalogación 05.02.2014 LF1   xxxx xxxx 42695-10 25.06.2020 25.06.2020 No se presta

Powered by Koha